<?xml version="1.0" encoding="UTF-8"?>
<record
    xmlns:xsi="http://www.w3.org/2001/XMLSchema-instance"
    xsi:schemaLocation="http://www.loc.gov/MARC21/slim http://www.loc.gov/standards/marcxml/schema/MARC21slim.xsd"
    xmlns="http://www.loc.gov/MARC21/slim">

  <leader>00542nam a22001577a 4500</leader>
  <controlfield tag="003">OSt</controlfield>
  <controlfield tag="005">20240404105246.0</controlfield>
  <controlfield tag="008">240404b        |||||||| |||| 00| 0 eng d</controlfield>
  <datafield tag="040" ind1=" " ind2=" ">
    <subfield code="c">Central Library MRSPTU</subfield>
  </datafield>
  <datafield tag="100" ind1=" " ind2=" ">
    <subfield code="a">Deepyan Boss (&#xA26;&#xA40;&#xA2A;&#xA3E;&#xA2F;&#xA28; &#xA2C;&#xA4B;&#xA38;)</subfield>
  </datafield>
  <datafield tag="245" ind1=" " ind2=" ">
    <subfield code="a">Amitt Haan Majdoor Sagrama dyan Chinga (&#xA05;&#xA2E;&#xA3F;&#xA71;&#xA1F; &#xA39;&#xA28; &#xA2E;&#xA1C;&#xA3C;&#xA26;&#xA42;&#xA30; &#xA38;&#xA70;&#xA17;&#xA30;&#xA3E;&#xA2E;&#xA3E;&#xA02; &#xA26;&#xA40;&#xA06;&#xA02; &#xA1A;&#xA3F;&#xA23;&#xA17;&#xA3E;&#xA02;)</subfield>
  </datafield>
  <datafield tag="250" ind1=" " ind2=" ">
    <subfield code="a">1st</subfield>
  </datafield>
  <datafield tag="260" ind1=" " ind2=" ">
    <subfield code="a">Ludhiana</subfield>
    <subfield code="b">Saheed Bhagat Singh Yadgari Parkashan</subfield>
    <subfield code="c">2005</subfield>
  </datafield>
  <datafield tag="300" ind1=" " ind2=" ">
    <subfield code="a">48</subfield>
  </datafield>
  <datafield tag="942" ind1=" " ind2=" ">
    <subfield code="2">ddc</subfield>
    <subfield code="c">BK</subfield>
    <subfield code="n">0</subfield>
  </datafield>
  <datafield tag="952" ind1=" " ind2=" ">
    <subfield code="0">0</subfield>
    <subfield code="1">0</subfield>
    <subfield code="2">ddc</subfield>
    <subfield code="4">0</subfield>
    <subfield code="7">0</subfield>
    <subfield code="8">BK</subfield>
    <subfield code="a">MCL</subfield>
    <subfield code="b">MCL</subfield>
    <subfield code="d">2024-04-04</subfield>
    <subfield code="l">0</subfield>
    <subfield code="p">G-158</subfield>
    <subfield code="r">2024-04-04 10:53:01</subfield>
    <subfield code="w">2024-04-04</subfield>
    <subfield code="y">BK</subfield>
  </datafield>
  <datafield tag="999" ind1=" " ind2=" ">
    <subfield code="c">9990</subfield>
    <subfield code="d">9990</subfield>
  </datafield>
</record>
